Dikkat icat çıkabilir! (Record no. 20120)

000 -LEADER
fixed length control field 01126nmm a2200313 a 4500
001 - CONTROL NUMBER
control field ocm0002146387
003 - CONTROL NUMBER IDENTIFIER
control field TR-IsHL
005 - DATE AND TIME OF LATEST TRANSACTION
control field 20201028182542.0
008 - FIXED-LENGTH DATA ELEMENTS--GENERAL INFORMATION
fixed length control field 190204s2018 tu tur
007 - PHYSICAL DESCRIPTION FIXED FIELD--GENERAL INFORMATION
fixed length control field cr cn
020 ## - INTERNATIONAL STANDARD BOOK NUMBER
International Standard Book Number 9786055122355
035 ## - SYSTEM CONTROL NUMBER
System control number 2146387
-- (N$T)
050 04 - LIBRARY OF CONGRESS CALL NUMBER
Classification number PL248.T848
Item number D5 2018
090 04 - LOCALLY ASSIGNED LC-TYPE CALL NUMBER (OCLC); LOCAL CALL NUMBER (RLIN)
Classification number (OCLC) (R) ; Classification number, CALL (RLIN) (NR) PL248.T848
Local cutter number (OCLC) ; Book number/undivided call number, CALL (RLIN) D5 2018
100 1# - MAIN ENTRY--PERSONAL NAME
Personal name Tuğtağ, Melih
245 10 - TITLE STATEMENT
Title Dikkat icat çıkabilir!
Medium [electronic resource] /
Statement of responsibility, etc. Melih Tuğtağ ; resimleyen Çağrı Cebeci ; editör Büşra Kanoğlu
250 ## - EDITION STATEMENT
Edition statement 11. Baskı
260 ## - PUBLICATION, DISTRIBUTION, ETC.
Place of publication, distribution, etc. İstanbul :
Name of publisher, distributor, etc. Genç Hayat Yayınları,
Date of publication, distribution, etc. 2018
300 ## - PHYSICAL DESCRIPTION
Extent 171 p.
500 ## - GENERAL NOTE
General note "Sessiz Sakin'in gürültülü maceraları" serisinin ikinci kitabıdır.
650 #4 - SUBJECT ADDED ENTRY--TOPICAL TERM
Topical term or geographic name entry element Dil ve Edebiyat
650 #4 - SUBJECT ADDED ENTRY--TOPICAL TERM
Topical term or geographic name entry element Language and Literature
650 #0 - SUBJECT ADDED ENTRY--TOPICAL TERM
Topical term or geographic name entry element Çocuk romanı
General subdivision Resimli çalışmalar
650 #0 - SUBJECT ADDED ENTRY--TOPICAL TERM
Topical term or geographic name entry element Juvenile fiction
General subdivision Pictorial works
650 #7 - SUBJECT ADDED ENTRY--TOPICAL TERM
Topical term or geographic name entry element LITERARY COLLECTIONS / Middle Eastern
Source of heading or term bisacsh
700 1# - ADDED ENTRY--PERSONAL NAME
Personal name Cebeci, Çağrı
700 1# - ADDED ENTRY--PERSONAL NAME
Personal name Kanoğlu, Büşra
856 40 - ELECTRONIC LOCATION AND ACCESS
Uniform Resource Identifier <a href="http://search.ebscohost.com/login.aspx?direct=true&scope=site&db=e011xww&AN=2146387">http://search.ebscohost.com/login.aspx?direct=true&scope=site&db=e011xww&AN=2146387</a>
Holdings
Withdrawn status Lost status Source of classification or shelving scheme Damaged status Not for loan Collection code Permanent Location Current Location Date acquired Total Checkouts Full call number Barcode Date last seen Price effective from Koha item type
        Online   Kıbrıs Amerikan Üniversitesi Kütüphanesi / American University of Cyprus Kıbrıs Amerikan Üniversitesi Kütüphanesi / American University of Cyprus 28.10.2020   PL248.T848 D5 2018 2146387 28.10.2020 28.10.2020 E-Kitap
Devinim Yazılım Eğitim Danışmanlık tarafından Koha'nın orjinal sürümü uyarlanarak geliştirilip kurulmuştur.